000
00305nam a22001337a 4500
008
171025b xxu||||| |||| 00| 0 eng d
020
_a
9780534091446
041
_a
eng
080
_a
311
100
_a
55
101
_a
STA
245
_a
DYNAMIC GRAPHICS FOR STATISTICS
_c
MCGILL.M.E
942
_2
udc
_c
BK
999
_c
35878
_d
35878